00477nam a2200193Ia 4500008004100000020001800041050001400059100002000073245003900093245002000132260001500152260001600167260000900183300001600192300002700208300001000235440002900245500000900274170918s9999 xx 000 0 und d a9780545017459 bS769 2006 aSpringer, Nancy 4aThe case of the missing Marquess / cNancy Springer. aNew York : bScholastic, c2006 a216 pages : bcolored illustration ; c19cm. aAn Enola Holmes mystery. a1020